BIBLIOTECA

SENCICO

Ibiza : (Registro nro. 365)

Detalles MARC
000 -LEADER
fixed length control field 01146nam a2200265Ia 4500
003 - CONTROL NUMBER IDENTIFIER
control field PE SENCICO BE
005 - DATE AND TIME OF LATEST TRANSACTION
control field 20251020182435.0
008 - FIXED-LENGTH DATA ELEMENTS--GENERAL INFORMATION
fixed length control field 200515s9999 xx 000 0 und d
020 ## - INTERNATIONAL STANDARD BOOK NUMBER
International Standard Book Number 92-9088-050-6
040 ## - CATALOGING SOURCE
Transcribing agency PE SENCICO BE
Language of cataloging PE SENCICO BE
041 ## - LANGUAGE CODE
Language code of text/sound track or separate title spa
082 ## - DEWEY DECIMAL CLASSIFICATION NUMBER
Classification number 946
Item number R56
100 1# - MAIN ENTRY--PERSONAL NAME
Personal name Riera, Toni
9 (RLIN) 3063
Relator term autor
245 10 - TITLE STATEMENT
Title Ibiza :
Remainder of title un paraíso en Europa /
Statement of responsibility, etc. Toni Riera
250 ## - EDITION STATEMENT
Edition statement [1a ed.]
260 ## - PUBLICATION, DISTRIBUTION, ETC.
Place of publication, distribution, etc. Barcelona :
Name of publisher, distributor, etc. Altrium Group ;
Date of publication, distribution, etc. 2004
300 ## - PHYSICAL DESCRIPTION
Extent 190 páginas :
Other physical details ilustraciones a color, tablas, gráficos ;
Dimensions 24 x 24 cm.
505 0# - FORMATTED CONTENTS NOTE
Formatted contents note La ciudad -- el campo -- El mar -- Las Iglesias -- Los mercados y el folkclore
520 3# - SUMMARY, ETC.
Summary, etc. Al sur del archipiélago de las Baleares, Las Pitusas y su puerta Natural, se ubica la ciudad de Ibiza (España). En su rada rada han echado el ancla toda suerte de navíos, desde al antiguo bajel hasta los buques correo, sus muelles ven hoy la llegada de los paquebotes dedicados a los cruceros del placer.
650 10 - SUBJECT ADDED ENTRY--TOPICAL TERM
Topical term or geographic name entry element Viajes alrededor del mundo
9 (RLIN) 2956
650 20 - SUBJECT ADDED ENTRY--TOPICAL TERM
Topical term or geographic name entry element Islas
9 (RLIN) 3065
650 20 - SUBJECT ADDED ENTRY--TOPICAL TERM
Topical term or geographic name entry element Ciudades
9 (RLIN) 522
651 10 - SUBJECT ADDED ENTRY--GEOGRAPHIC NAME
9 (RLIN) 3064
Geographic name Ibiza, Isla (España)
942 ## - ADDED ENTRY ELEMENTS (KOHA)
Koha item type Libros
Source of classification or shelving scheme Dewey Decimal Classification
Existencias
Fecha de la última vez que lo usaron Número de ingreso o de inventario Pago total Signatura topográfica completa Código de barras Precio efectivo desde Tipo de documento Estado perdido Sistema de clasificación Estado dañado No es para préstamo Retirado Ubicación permanente Ubicación actual Fecha de adquisición
15/05/2020 14120   946/R56 BibLima25050010 15/05/2020 Libros   Dewey Decimal Classification       Biblioteca Central Lima Biblioteca Central Lima 25/06/2008